000 00303nam a2200121Ia 4500
008 190216s9999||||xx |||||||||||||| ||und||
100 _aDr.Thej Simh
245 0 _aHindi-Rashtriya Antholan Aur Hindi Upanyas
260 _bRosh Sahithya Prakashan
_c2009
300 _a244
650 _aHindi
942 _cBK
999 _c16638
_d16638